banner-ar

موسوعة تاريخ بورسعيد / (Record no. 63863)

MARC details
000 -الفاتح
حقل البيانات ثابتة الطول 00988nam a22002537a 4500
005 - وقت وتاريخ اخر تعامل مع التسجيلة
رقم الضبط 20240530110702.0
008 - عناصر البيانات ثابتة الطول - معلومات عامة
حقل البيانات ثابتة الطول 171225s2015 ua ad f b 000 0dara d
017 ## - رقم الايداع القانونى
رقم الايداع القانونى 2015/16270
المصدر ( الهيئة المختصة) مصر. دار الكتب
020 ## - الرقم الدولى المعيارى للكتب
الرقم الدولى المعيارى للكتاب 9789779104478
040 ## - مصدر الفهرسة
وكالة الفهرسة الأصلية EG-CaGPL
وكالة النسخ EG-CaGPL
082 04 - رقم تصنيف ديوى العشرى
رقم الطبعة 21
رقم التصنيف 962.15
رقم المادة ق/ض م
100 0# - المدخل الرئيسى - إسم شخصى
الإسم الشخصى ضياء الدين حسن القاضى
245 10 - بيان العنوان
العنوان موسوعة تاريخ بورسعيد /
بيان المسئوليه,etc اعداد ضياء الدين حسن القاضى .
250 ## - بيان الطبعة
بيان الطبعة ط.1
260 ## - PUBLICATION, DISTRIBUTION, ETC. (IMPRINT)
تاريخ النشر أو التوزيع 2015 .
300 ## - الوصف المادى
التعداد 4 جزء :
تفاصيل ماديه اخرى للوعاء ايض ؛
أبعاد الوعاء 28 سم.
504 ## - تبصرة ببليوجرافية
تبصرة ببليوجرافية,الخ يشتمل على ارجاعات ببليوجرافية
650 07 - المدخل الاضافى بالموضوع-مصطلح موضوعى
مصدر الرأس أو المصطلح qrmak
مصطلح موضوعي الفولكولور المصرى
650 07 - المدخل الاضافى بالموضوع-مصطلح موضوعى
مصدر الرأس أو المصطلح qrmak
مصطلح موضوعي الادب الشعبى
651 07 - المدخل الاضافى بالموضوع - اسم جغرافى
مصدر الرأس أو المصطلح qrmak
الاسم الجغرافي بورسعيد
التقسيم الفرعي العام تاريخ
651 07 - المدخل الاضافى بالموضوع - اسم جغرافى
مصدر الرأس أو المصطلح qrmak
الاسم الجغرافي بورسعيد
التقسيم الفرعي الشكلي خرائط
942 ## - عناصر المدخل الإضافي( كوها)
مصدر التصنيف او مخطط الترفيف Dewey Decimal Classification
Koha [default] item type كتاب
260 ## - PUBLICATION, DISTRIBUTION, ETC. (IMPRINT)
-- القاهرة :
-- الهيئة المصرية العامة للكتاب،
Holdings
حالة التراجع حالة الفقد حالة تلف ليس للاعارة المكان المؤقت الموقع الحالى موقع الترفيف تاريخ الاكتساب اجمالي اﻻعارات رقم الطلب الباركود تاريخ اخر مشاهدة تاريخ تفعيل السعر نوع وعاء كوها
        مكتبة القاهرة الكبرى مكتبة القاهرة الكبرى   01/13/2018   962.15 ق/ض م 163982 01/13/2018 01/13/2018 كتاب
        مكتبة القاهرة الكبرى مكتبة القاهرة الكبرى   01/15/2019   962.15 /ق/ض م 165458 01/15/2019 01/15/2019 كتاب
        مكتبة القاهرة الكبرى مكتبة القاهرة الكبرى   01/15/2019   962.15 /ق/ض م 165459 01/15/2019 01/15/2019 كتاب
        مكتبة القاهرة الكبرى مكتبة القاهرة الكبرى   01/15/2019   962.15 /ق/ض م 165460 01/15/2019 01/15/2019 كتاب

Powered By

EGPV